Dracula / (Record no. 2400)

MARC details
000 -LEADER
fixed length control field 00874nam a22002777a 4500
001 - CONTROL NUMBER
control field 2400
003 - CONTROL NUMBER IDENTIFIER
control field FISKH
005 - DATE AND TIME OF LATEST TRANSACTION
control field 20240520162705.0
008 - FIXED-LENGTH DATA ELEMENTS--GENERAL INFORMATION
fixed length control field 231124b cb ||||| |||| 00| 0 eng d
010 ## - LIBRARY OF CONGRESS CONTROL NUMBER
LC control number 2022602042
020 ## - INTERNATIONAL STANDARD BOOK NUMBER
International Standard Book Number 9780812523010
040 ## - CATALOGING SOURCE
Original cataloging agency DLC
Language of cataloging eng
Description conventions rda
Transcribing agency DLC
050 ## - LIBRARY OF CONGRESS CALL NUMBER
Classification number PR6037.T617
082 ## - DEWEY DECIMAL CLASSIFICATION NUMBER
Classification number 823.8
100 ## - MAIN ENTRY--PERSONAL NAME
Personal name Stoker, Bram
245 10 - TITLE STATEMENT
Title Dracula /
Statement of responsibility, etc. Bram Stoker
250 ## - EDITION STATEMENT
Edition statement First Tor Edition: July 1989
260 ## - PUBLICATION, DISTRIBUTION, ETC.
Place of publication, distribution, etc. New York :
Name of publisher, distributor, etc. Tor,
Date of publication, distribution, etc. 1988
300 ## - PHYSICAL DESCRIPTION
Materials specified
Extent 367 pages :
Dimensions 18 cm
520 ## - SUMMARY, ETC.
Summary, etc. Having deduced the double identity of Count Dracula, a wealthy Transylvanian nobleman, a small group of people vow to rid the world of the evil vampire.
521 8# - TARGET AUDIENCE NOTE
Target audience note 990<br/>
Source Lexile <br/>
650 #0 - SUBJECT ADDED ENTRY--TOPICAL TERM
Topical term or geographic name entry element Vampires
Geographic subdivision Romania
-- Transylvania
650 #0 - SUBJECT ADDED ENTRY--TOPICAL TERM
Topical term or geographic name entry element Cults
Geographic subdivision England
906 ## - LOCAL DATA ELEMENT F, LDF (RLIN)
a 7
b cbc
c orignew
d u
e ncip
f 20
g y-movingim
942 ## - ADDED ENTRY ELEMENTS (KOHA)
Source of classification or shelving scheme Dewey Decimal Classification
Koha item type Books
Suppress in OPAC No
Holdings
Withdrawn status Lost status Source of classification or shelving scheme Damaged status Not for loan Collection Home library Current library Shelving location Date acquired Total Checkouts Full call number Barcode Date due Date last seen Date last checked out Price effective from Koha item type
    Dewey Decimal Classification     Fiction Footprints International School Library Network Toul Kork Campus Footprints International School Library Network Toul Kork Campus A TK Campus, 4th Floor, Room B401, Fiction Bookcases (1-6) 11/24/2023 1 STR 823.8 PR6037.T617 FIS03265 01/02/2026 12/19/2025 12/19/2025 11/24/2023 Books